| 000 | 00490nam a2200145Ia 4500 | ||
|---|---|---|---|
| 008 | 231129s2008||||xx |||||||||||||| ||spa|| | ||
| 020 | _a958-9441-60-2 | ||
| 040 | _bspa | ||
| 082 | _a339.46861 N238d | ||
| 100 | _aNarváez Tulcán Luis Carlos | ||
| 245 | 0 | _aDiseño de una estrategia económica y social para superar la pobreza de las comunidades marginadas de Colombia | |
| 260 | _c2008 | ||
| 264 | _aUniversidad La Gran Colombia | ||
| 942 |
_2ddc _cBKS |
||
| 999 |
_c9679 _d9679 |
||